000
00265nam a22001097a 4500
008
170120b xxu||||| |||| 00| 0 eng d
020
_a
9781451151664
041
_a
eng
080
_2
6TH
_a
618,2
245
_a
FOCUS ON NURSING PHARMACOLOGY
_c
KARCH, A.,
942
_2
udc
_c
BK
999
_c
3334
_d
3334